000 00907nam a2200289 i 4500
001 16045
003 ES-MaACL
005 20230906151231.0
007 t|
008 000620s1999 sp ||||0| spa j
020 _a84-483-0458-6
040 _aM-BN
_bspa
_cM-BN
080 _a903(460)(036)
080 _a904(460)(036)
100 1 _aCollins, Roger.
_939741
245 1 0 _aEspaña /
_cRoger Collins ; [traducción, Patricia Forde y Teresa Tellechea].
260 _aMadrid :
_bAcento,
_c[1999]
300 _aXV, 328 p. :
_bil. ;
_c23 cm.
490 1 _aGuía arqueológica Acento-Oxford
651 4 _aEspaña-
_xRestos arqueológicos-
_vGuías turísticas.
_98486
700 1 _aForde, Patricia.
_951715
700 1 _aTellechea, Teresa.
_9109620
830 0 _aGuía arqueológica Acento-Oxford
_9228620
852 _aES-MaACL
_jL-23305
_bR.128644
999 _c16045
_d16045